000 00509nam a22001937a 4500
008 160524b xxu||||| |||| 00| 0 eng d
082 _a575.1/sn92p
100 _aSnyder, Laurence H
245 _aThe principles of heredity
250 _a5th ed.
260 _aBoston
_bD.C Health and company
_c1966
300 _axi, 499p.illus
504 _aIncludes bibliography
650 _agenes
_98310
650 _aheredity
_98894
650 _ainheritance
_915819
700 _aDavid, Paul R
942 _2ddc
_cGEN
999 _c78287
_d78276